000 00300nam a22001337a 4500
008 171020b xxu||||| |||| 00| 0 eng d
020 _a9780471236931
041 _aeng
080 _22ND
_a338
100 _a54
101 _aMEN
245 _aMARKET-DRIVEN MANAGEMENT
_cWEBSTER,F.E
942 _2udc
_cBK
999 _c35257
_d35257